Der Bamberger Reiter. (Record no. 6634)

MARC details
000 -LEADER
fixed length control field 00619cam a22002171 4500
001 - CONTROL NUMBER
control field af 49000501
003 - CONTROL NUMBER IDENTIFIER
control field DLC
005 - DATE AND TIME OF LATEST TRANSACTION
control field 20260227110915.0
008 - FIXED-LENGTH DATA ELEMENTS--GENERAL INFORMATION
fixed length control field 880620s1932 gw 000 0 ger c
010 ## - LIBRARY OF CONGRESS CONTROL NUMBER
LC control number af 49000501
035 ## - SYSTEM CONTROL NUMBER
System control number (OCoLC)18111094
040 ## - CATALOGING SOURCE
Original cataloging agency Harvard Univ. Library
Transcribing agency WaU
Modifying agency WaU
-- DLC
042 ## - AUTHENTICATION CODE
Authentication code premarc
050 00 - LIBRARY OF CONGRESS CALL NUMBER
Classification number BX4630.B3
Item number S3
100 1# - MAIN ENTRY--PERSONAL NAME
Personal name Schreyer, Lothar,
Dates associated with a name 1886-1966.
245 14 - TITLE STATEMENT
Title Der Bamberger Reiter.
260 ## - PUBLICATION, DISTRIBUTION, ETC.
Place of publication, distribution, etc. Oldenburg i.O.,
Name of publisher, distributor, etc. G. Stalling
Date of publication, distribution, etc. [1932]
300 ## - PHYSICAL DESCRIPTION
Extent 72 p.
Other physical details front.
Dimensions 20 cm.
490 0# - SERIES STATEMENT
Series statement Stalling Bücherei. Schriften an die Nation,
Volume/sequential designation Nr. 13
610 20 - SUBJECT ADDED ENTRY--CORPORATE NAME
Corporate name or jurisdiction name as entry element Bamberger Dom.

No items available.

Powered by Koha